Project risk management guidelines : (Record no. 22544)
[ view plain ]
| 000 -LEADER | |
|---|---|
| fixed length control field | 01060cam a22002895a 4500 |
| 001 - CONTROL NUMBER | |
| control field | 17933826 |
| 005 - DATE AND TIME OF LATEST TRANSACTION | |
| control field | 20161012153149.0 |
| 008 - FIXED-LENGTH DATA ELEMENTS--GENERAL INFORMATION | |
| fixed length control field | 131107t2014 enka frbd 001 0 eng d |
| 020 ## - INTERNATIONAL STANDARD BOOK NUMBER | |
| International Standard Book Number | 9781118820315 |
| 040 ## - CATALOGING SOURCE | |
| Original cataloging agency | DLC |
| Language of cataloging | eng |
| Transcribing agency | DLC |
| Modifying agency | EG-ScBUE |
| 082 04 - DEWEY DECIMAL CLASSIFICATION NUMBER | |
| Classification number | 658.155 |
| Edition number | 22 |
| Item number | PRO |
| 245 00 - TITLE STATEMENT | |
| Title | Project risk management guidelines : |
| Remainder of title | managing risk with ISO 31000 and IEC 62198 / |
| Statement of responsibility, etc | Dale Cooper ... [et al.] |
| 250 ## - EDITION STATEMENT | |
| Edition statement | 2nd ed. |
| 260 ## - PUBLICATION, DISTRIBUTION, ETC. (IMPRINT) | |
| Place of publication, distribution, etc | Chichester : |
| Name of publisher, distributor, etc | John Wiley & Sons, |
| Date of publication, distribution, etc | c.2014. |
| 300 ## - PHYSICAL DESCRIPTION | |
| Extent | xxv, 406 p. : |
| Other physical details | ill. ; |
| Dimensions | 25 cm. |
| 500 ## - GENERAL NOTE | |
| General note | Glossary : p. [393]-396. |
| 500 ## - GENERAL NOTE | |
| General note | Index : p. [401]-406. |
| 504 ## - BIBLIOGRAPHY, ETC. NOTE | |
| Bibliography, etc | Bibliography : p. [397]-399. |
| 505 0# - FORMATTED CONTENTS NOTE | |
| Formatted contents note | Principles of effective project risk management -- Project phases and approval decisions -- Framework for managing risk in projects. |
| 650 #7 - SUBJECT ADDED ENTRY--TOPICAL TERM | |
| Topical term or geographic name as entry element | Risk management. |
| Source of heading or term | BUEsh |
| 9 (RLIN) | 12222 |
| 650 #7 - SUBJECT ADDED ENTRY--TOPICAL TERM | |
| Topical term or geographic name as entry element | Project management. |
| Source of heading or term | BUEsh |
| 9 (RLIN) | 11664 |
| 650 #0 - SUBJECT ADDED ENTRY--TOPICAL TERM | |
| Topical term or geographic name as entry element | Industrial procurement |
| General subdivision | Management. |
| Source of heading or term | BUEsh |
| 651 ## - SUBJECT ADDED ENTRY--GEOGRAPHIC NAME | |
| Source of heading or term | BUEsh |
| 653 ## - INDEX TERM--UNCONTROLLED | |
| Resource For college | Engineering, General |
| Arrived date list | October2016 |
| 700 1# - ADDED ENTRY--PERSONAL NAME | |
| Personal name | Cooper, Dale F. |
| 9 (RLIN) | 41515 |
| 942 ## - ADDED ENTRY ELEMENTS (KOHA) | |
| Source of classification or shelving scheme | Dewey Decimal Classification |
| Withdrawn status | Item status | Source of classification or shelving scheme | Damaged status | Not for loan | Vendor | Home library | Current library | Shelving location | Date acquired | Source of acquisition | Cost, normal purchase price | Serial Enumeration / chronology | Total Checkouts | Full call number | Barcode | Date last seen | Date last borrowed | Cost, replacement price | Koha item type |
|---|---|---|---|---|---|---|---|---|---|---|---|---|---|---|---|---|---|---|---|
| Dewey Decimal Classification | Academic Bookshop | Central Library | Central Library | First floor | 12/10/2016 | Purchase | 680.00 | 9125 | 1 | 658.155 PRO | 000034049 | 15/07/2025 | 26/11/2018 | 850.00 | Book - Borrowing |